[Event "DEM U12w 2024"]
[Site "Willingen GER"]
[Date "2024.05.21"]
[Round "4"]
[White "Lu, Sheng"]
[Black "Kovalskyy, Alicia"]
[Result "0-1"]
[Termination "normal"]
[Board "5"]
[WhiteElo "1590"]
[BlackElo "1825"]
[WhiteClock "00:19:41"]
[BlackClock "00:03:09"]
[PlyCount "78"]
[WhiteFideId "34628061"]
[BlackFideId "34612130"]
[EventCountry "GER"]
[EventRounds "9"]
[EventType "swiss"]
[EventDate "2024.05.18"]

1. e4 {[%clk 01:30:57]} {[%emt 00:00:02]} e5 {[%clk 01:30:56]} {[%emt
00:00:05]} 2. Nf3 {[%clk 01:31:20]} {[%emt 00:00:07]} Nc6 {[%clk 01:31:22]}
{[%emt 00:00:04]} 3. Bc4 {[%clk 01:31:43]} {[%emt 00:00:07]} Bc5 {[%clk
01:31:48]} {[%emt 00:00:03]} 4. c3 {[%clk 01:32:07]} {[%emt 00:00:06]} Nf6
{[%clk 01:32:15]} {[%emt 00:00:03]} 5. d4 {[%clk 01:32:29]} {[%emt 00:00:08]}
exd4 {[%clk 01:32:41]} {[%emt 00:00:05]} 6. cxd4 {[%clk 01:32:51]} {[%emt
00:00:08]} Bb4+ {[%clk 01:33:08]} {[%emt 00:00:03]} 7. Bd2 {[%clk 01:33:08]}
{[%emt 00:00:12]} Bxd2+ {[%clk 01:33:24]} {[%emt 00:00:14]} 8. Nbxd2 {[%clk
01:33:29]} {[%emt 00:00:07]} d5 {[%clk 01:33:48]} {[%emt 00:00:07]} 9. exd5
{[%clk 01:33:44]} {[%emt 00:00:15]} Nxd5 {[%clk 01:34:04]} {[%emt 00:00:14]}
10. Qb3 {[%clk 01:33:26]} {[%emt 00:00:49]} Na5 {[%clk 01:27:49]} {[%emt
00:06:45]} 11. Qa4+ {[%clk 01:33:03]} {[%emt 00:00:52]} Nc6 {[%clk 01:25:02]}
{[%emt 00:03:18]} 12. Qb3 {[%clk 01:33:05]} {[%emt 00:00:28]} Nce7 {[%clk
01:20:34]} {[%emt 00:04:58]} 13. O-O {[%clk 01:31:12]} {[%emt 00:02:22]} O-O
{[%clk 01:15:10]} {[%emt 00:05:53]} 14. Rfe1 {[%clk 01:28:05]} {[%emt
00:03:38]} c6 {[%clk 01:12:45]} {[%emt 00:02:55]} 15. h3 {[%clk 01:23:19]}
{[%emt 00:05:15]} Rb8 {[%clk 01:08:46]} {[%emt 00:04:30]} 16. Ne4 {[%clk
01:20:43]} {[%emt 00:03:05]} Nf4 {[%emt 00:10:25]} 17. Nfg5 {[%clk 01:16:07]}
{[%emt 00:00:17]} Ned5 {[%clk 01:03:25]} {[%emt 00:00:45]} 18. Nf3 {[%clk
01:10:45]} {[%emt 00:05:51]} Bf5 {[%clk 00:59:05]} {[%emt 00:04:46]} 19. Ng3
{[%clk 01:07:19]} {[%emt 00:04:00]} Be6 {[%clk 00:56:21]} {[%emt 00:03:14]} 20.
Rad1 {[%clk 01:04:10]} {[%emt 00:03:39]} Qf6 {[%clk 00:52:52]} {[%emt
00:03:56]} 21. Ne5 {[%clk 00:59:14]} {[%emt 00:05:30]} Nxg2 {[%clk 00:25:31]}
{[%emt 00:27:50]} 22. Kxg2 {[%clk 00:48:02]} {[%emt 00:11:42]} Qh4 {[%clk
00:14:13]} {[%emt 00:11:45]} 23. Ne2 {[%clk 00:43:13]} {[%emt 00:05:21]} b5
{[%clk 00:13:38]} {[%emt 00:01:06]} 24. Qg3 {[%clk 00:39:37]} {[%emt 00:04:06]}
Qxg3+ {[%clk 00:13:43]} {[%emt 00:00:25]} 25. Kxg3 {[%clk 00:39:34]} {[%emt
00:00:32]} bxc4 {[%clk 00:14:06]} {[%emt 00:00:08]} 26. Rd2 {[%clk 00:38:15]}
{[%emt 00:01:49]} Nf6 {[%clk 00:13:35]} {[%emt 00:01:00]} 27. Nf4 {[%clk
00:35:27]} {[%emt 00:03:18]} Bd5 {[%clk 00:13:39]} {[%emt 00:00:26]} 28. Nxd5
{[%clk 00:34:31]} {[%emt 00:01:26]} cxd5 {[%clk 00:13:57]} {[%emt 00:00:13]}
29. f3 {[%clk 00:33:45]} {[%emt 00:01:16]} Rfe8 {[%clk 00:13:56]} {[%emt
00:00:31]} 30. Rde2 {[%clk 00:30:47]} {[%emt 00:03:28]} Re6 {[%clk 00:11:51]}
{[%emt 00:02:32]} 31. Rc2 {[%clk 00:28:53]} {[%emt 00:02:27]} g6 {[%clk
00:09:52]} {[%emt 00:02:29]} 32. Ree2 {[%clk 00:27:19]} {[%emt 00:02:04]} Nh5+
{[%clk 00:07:23]} {[%emt 00:02:59]} 33. Kh2 {[%clk 00:25:26]} {[%emt 00:02:21]}
Nf4 {[%clk 00:06:37]} {[%emt 00:01:17]} 34. Red2 {[%clk 00:24:41]} {[%emt
00:01:16]} Rb7 {[%clk 00:06:07]} {[%emt 00:00:59]} 35. Ng4 {[%clk 00:23:00]}
{[%emt 00:02:11]} h5 {[%clk 00:05:04]} {[%emt 00:01:31]} 36. Nf2 {[%clk
00:22:19]} {[%emt 00:01:12]} h4 {[%clk 00:03:41]} {[%emt 00:01:53]} 37. Nd1
{[%clk 00:20:00]} {[%emt 00:02:49]} Re1 {[%clk 00:03:26]} {[%emt 00:00:42]} 38.
Nf2 {[%clk 00:19:24]} {[%emt 00:01:09]} Ra1 {[%clk 00:02:51]} {[%emt 00:01:05]}
39. a3 {[%clk 00:19:41]} {[%emt 00:00:13]} Rb3 {[%clk 00:03:09]} {[%emt
00:00:09]} 0-1

[Event "DEM U12w 2024"]
[Site "Willingen GER"]
[Date "2024.05.21"]
[Round "4"]
[White "Wolf, Helena"]
[Black "Ramakrishnan, Veda"]
[Result "1/2-1/2"]
[Termination "normal"]
[Board "6"]
[WhiteElo "1498"]
[BlackElo "1482"]
[WhiteClock "00:03:07"]
[BlackClock "00:01:35"]
[PlyCount "81"]
[WhiteFideId "34671030"]
[BlackFideId "16269519"]
[EventCountry "GER"]
[EventRounds "9"]
[EventType "swiss"]
[EventDate "2024.05.18"]

1. e4 {[%clk 01:30:58]} c6 {[%clk 01:30:54]} {[%emt 00:00:06]} 2. Nc3 {[%clk
01:31:22]} {[%emt 00:00:07]} d5 {[%clk 01:31:14]} {[%emt 00:00:09]} 3. Nf3
{[%clk 01:31:44]} {[%emt 00:00:07]} dxe4 {[%clk 01:31:35]} {[%emt 00:00:10]} 4.
Nxe4 {[%clk 01:32:02]} {[%emt 00:00:12]} Nf6 {[%clk 01:31:50]} {[%emt
00:00:14]} 5. Nxf6+ {[%clk 01:32:19]} {[%emt 00:00:14]} exf6 {[%clk 01:32:10]}
{[%emt 00:00:10]} 6. Bc4 {[%clk 01:31:08]} {[%emt 00:01:41]} Bd6 {[%clk
01:31:48]} {[%emt 00:00:50]} 7. O-O {[%clk 01:25:41]} {[%emt 00:05:58]} O-O
{[%clk 01:31:14]} {[%emt 00:01:04]} 8. Re1 {[%clk 01:22:05]} {[%emt 00:04:06]}
Bg4 {[%clk 01:28:46]} {[%emt 00:02:56]} 9. h3 {[%clk 01:19:50]} {[%emt
00:02:46]} Bh5 {[%clk 01:28:07]} {[%emt 00:01:09]} 10. d3 {[%clk 01:17:48]}
{[%emt 00:02:32]} Nd7 {[%clk 01:26:52]} {[%emt 00:01:45]} 11. d4 {[%clk
01:15:45]} {[%emt 00:02:35]} Qc7 {[%clk 01:23:17]} {[%emt 00:04:04]} 12. Qd3
{[%clk 01:10:29]} {[%emt 00:05:44]} Rfe8 {[%clk 01:20:05]} {[%emt 00:03:43]}
13. Bd2 {[%clk 01:10:10]} {[%emt 00:00:48]} b5 {[%clk 01:13:50]} {[%emt
00:06:46]} 14. Bb3 {[%clk 01:08:23]} {[%emt 00:02:18]} a5 {[%clk 01:11:56]}
{[%emt 00:02:24]} 15. a4 {[%clk 01:07:39]} {[%emt 00:01:14]} Bg6 {[%clk
01:09:13]} {[%emt 00:03:12]} 16. Qf1 {[%clk 01:05:03]} {[%emt 00:03:06]} b4
{[%clk 01:07:12]} {[%emt 00:02:31]} 17. Rac1 {[%clk 00:59:53]} {[%emt
00:05:40]} Be4 {[%clk 00:52:30]} {[%emt 00:15:13]} 18. Qe2 {[%clk 00:41:54]}
{[%emt 00:18:28]} Kf8 {[%clk 00:42:49]} {[%emt 00:10:12]} 19. Qd1 {[%clk
00:39:49]} {[%emt 00:02:35]} Qb7 {[%clk 00:39:29]} {[%emt 00:03:50]} 20. c4
{[%clk 00:24:08]} {[%emt 00:16:11]} h6 {[%clk 00:29:39]} {[%emt 00:10:20]} 21.
c5 {[%clk 00:20:47]} {[%emt 00:03:52]} Bc7 {[%clk 00:29:15]} {[%emt 00:00:53]}
22. d5 {[%clk 00:20:11]} {[%emt 00:01:06]} Bxf3 {[%clk 00:19:47]} {[%emt
00:09:57]} 23. Qxf3 {[%clk 00:19:03]} {[%emt 00:01:39]} Ne5 {[%clk 00:19:58]}
{[%emt 00:00:18]} 24. Qe4 {[%clk 00:18:18]} {[%emt 00:01:15]} Qa6 {[%clk
00:16:02]} {[%emt 00:04:27]} 25. d6 {[%clk 00:18:08]} {[%emt 00:00:39]} Bb8
{[%clk 00:14:24]} {[%emt 00:02:08]} 26. f4 {[%clk 00:17:09]} {[%emt 00:01:30]}
Qd3 {[%clk 00:10:45]} {[%emt 00:04:09]} 27. fxe5 {[%clk 00:16:46]} {[%emt
00:00:53]} Qxd2 {[%clk 00:03:47]} {[%emt 00:07:27]} 28. Qc4 {[%clk 00:15:14]}
{[%emt 00:02:02]} Re6 {[%clk 00:02:56]} {[%emt 00:01:21]} 29. Re2 {[%clk
00:12:14]} {[%emt 00:03:29]} Qg5 {[%clk 00:02:19]} {[%emt 00:01:08]} 30. Rce1
{[%clk 00:10:40]} {[%emt 00:02:04]} Kg8 {[%clk 00:01:46]} {[%emt 00:01:04]} 31.
exf6 {[%clk 00:10:12]} {[%emt 00:00:59]} Rxf6 {[%clk 00:01:11]} {[%emt
00:01:05]} 32. Re8+ {[%clk 00:10:11]} {[%emt 00:00:31]} Kh7 {[%clk 00:01:38]}
{[%emt 00:00:02]} 33. d7 {[%clk 00:08:21]} {[%emt 00:02:20]} Rg6 {[%clk
00:01:24]} {[%emt 00:00:45]} 34. Qg4 {[%clk 00:06:15]} {[%emt 00:02:33]} Qxc5+
{[%clk 00:01:14]} {[%emt 00:00:43]} 35. Kh1 {[%clk 00:06:21]} {[%emt 00:00:23]}
Qd6 {[%clk 00:00:46]} {[%emt 00:01:00]} 36. Qxg6+ {[%clk 00:04:12]} {[%emt
00:02:39]} Kxg6 {[%clk 00:00:46]} {[%emt 00:00:29]} 37. Bc2+ {[%clk 00:03:17]}
{[%emt 00:01:25]} Kh5 {[%clk 00:00:37]} {[%emt 00:00:40]} 38. Bd1+ {[%clk
00:01:51]} {[%emt 00:01:56]} Kg6 {[%clk 00:00:44]} {[%emt 00:00:22]} 39. Bc2+
{[%clk 00:02:14]} {[%emt 00:00:07]} Kh5 {[%clk 00:01:10]} {[%emt 00:00:04]} 40.
Bd1+ {[%clk 00:02:41]} {[%emt 00:00:03]} Kg6 {[%clk 00:01:35]} {[%emt
00:00:05]} 41. Bc2+ {[%clk 00:03:07]} {[%emt 00:00:04]} 1/2-1/2

[Event "DEM U12w 2024"]
[Site "Willingen GER"]
[Date "2024.05.21"]
[Round "4"]
[White "Heidtkamp, Anna"]
[Black "Winkler, Frida"]
[Result "1/2-1/2"]
[Termination "normal"]
[Board "8"]
[WhiteElo "1622"]
[BlackElo "1587"]
[WhiteClock "00:32:49"]
[BlackClock "00:36:10"]
[PlyCount "50"]
[WhiteFideId "16269012"]
[BlackFideId "34622322"]
[EventCountry "GER"]
[EventRounds "9"]
[EventType "swiss"]
[EventDate "2024.05.18"]

1. d4 {[%clk 01:30:59]} Nf6 {[%clk 01:30:52]} {[%emt 00:00:08]} 2. Bf4 {[%clk
01:31:25]} {[%emt 00:00:04]} d5 {[%clk 01:30:18]} {[%emt 00:01:03]} 3. Nf3
{[%clk 01:31:49]} {[%emt 00:00:07]} Bf5 {[%clk 01:29:43]} {[%emt 00:01:03]} 4.
e3 {[%clk 01:32:03]} {[%emt 00:00:18]} e6 {[%clk 01:29:02]} {[%emt 00:01:09]}
5. c3 {[%clk 01:29:51]} {[%emt 00:02:44]} Nbd7 {[%clk 01:26:48]} {[%emt
00:02:43]} 6. Bd3 {[%clk 01:28:13]} {[%emt 00:02:09]} Ne4 {[%clk 01:18:14]}
{[%emt 00:09:03]} 7. Qc2 {[%clk 01:25:12]} {[%emt 00:03:31]} c5 {[%clk
01:11:03]} {[%emt 00:07:41]} 8. Nbd2 {[%clk 01:21:38]} {[%emt 00:04:04]} Nxd2
{[%clk 01:10:37]} {[%emt 00:00:56]} 9. Nxd2 {[%clk 01:21:17]} {[%emt 00:00:51]}
Bxd3 {[%clk 01:09:28]} {[%emt 00:01:40]} 10. Qxd3 {[%clk 01:21:39]} {[%emt
00:00:07]} cxd4 {[%clk 01:05:33]} {[%emt 00:04:25]} 11. cxd4 {[%clk 01:20:35]}
{[%emt 00:01:33]} Be7 {[%clk 01:00:28]} {[%emt 00:05:33]} 12. O-O {[%clk
01:20:23]} {[%emt 00:00:45]} O-O {[%clk 01:00:08]} {[%emt 00:00:50]} 13. Rac1
{[%clk 01:16:42]} {[%emt 00:04:11]} Rc8 {[%clk 00:57:13]} {[%emt 00:03:24]} 14.
Nb3 {[%clk 01:13:35]} {[%emt 00:03:37]} Qb6 {[%clk 00:50:17]} {[%emt 00:07:24]}
15. a3 {[%clk 01:03:14]} {[%emt 00:10:54]} Bd6 {[%clk 00:47:35]} {[%emt
00:03:09]} 16. Bxd6 {[%clk 00:57:35]} {[%emt 00:06:11]} Qxd6 {[%clk 00:47:55]}
{[%emt 00:00:09]} 17. Rc3 {[%clk 00:55:37]} {[%emt 00:02:28]} Rc7 {[%clk
00:45:57]} {[%emt 00:02:28]} 18. Rfc1 {[%clk 00:50:28]} {[%emt 00:05:39]} Rfc8
{[%clk 00:46:04]} {[%emt 00:00:22]} 19. Nd2 {[%clk 00:45:26]} {[%emt 00:05:33]}
a6 {[%clk 00:43:28]} {[%emt 00:03:06]} 20. f3 {[%clk 00:39:45]} {[%emt
00:06:12]} Nf6 {[%clk 00:40:49]} {[%emt 00:03:09]} 21. e4 {[%clk 00:36:37]}
{[%emt 00:03:39]} dxe4 {[%clk 00:38:18]} {[%emt 00:03:00]} 22. Nxe4 {[%clk
00:34:07]} {[%emt 00:03:00]} Nxe4 {[%clk 00:37:06]} {[%emt 00:01:41]} 23. fxe4
{[%clk 00:32:25]} {[%emt 00:02:13]} Rxc3 {[%clk 00:36:10]} {[%emt 00:01:26]}
24. Rxc3 {[%clk 00:32:26]} {[%emt 00:00:29]} Rxc3 {[%clk 00:36:15]} {[%emt
00:00:25]} 25. Qxc3 {[%clk 00:32:49]} {[%emt 00:00:07]} Qd8 {[%clk 00:36:10]}
{[%emt 00:00:35]} 1/2-1/2

[Event "DEM U12w 2024"]
[Site "Willingen GER"]
[Date "2024.05.21"]
[Round "4"]
[White "Greither, Flora"]
[Black "Luible, Antonia"]
[Result "1/2-1/2"]
[Termination "normal"]
[Board "9"]
[WhiteElo "1430"]
[BlackElo "1347"]
[WhiteClock "01:02:53"]
[BlackClock "00:18:55"]
[PlyCount "79"]
[WhiteFideId "533000697"]
[BlackFideId "34681710"]
[EventCountry "GER"]
[EventRounds "9"]
[EventType "swiss"]
[EventDate "2024.05.18"]

1. d4 {[%clk 01:30:57]} {[%emt 00:00:03]} d5 {[%clk 01:30:55]} {[%emt
00:00:05]} 2. e3 {[%clk 01:31:21]} {[%emt 00:00:06]} e6 {[%clk 01:31:14]}
{[%emt 00:00:11]} 3. Bd3 {[%clk 01:31:44]} {[%emt 00:00:08]} Nf6 {[%clk
01:31:24]} {[%emt 00:00:20]} 4. Nf3 {[%clk 01:32:01]} {[%emt 00:00:12]} b6
{[%clk 01:28:19]} {[%emt 00:03:35]} 5. O-O {[%clk 01:31:52]} {[%emt 00:00:40]}
Bb7 {[%clk 01:28:36]} {[%emt 00:00:14]} 6. Nbd2 {[%clk 01:32:02]} {[%emt
00:00:19]} Nbd7 {[%clk 01:26:59]} {[%emt 00:02:07]} 7. b3 {[%clk 01:32:06]}
{[%emt 00:00:27]} Ne4 {[%clk 01:24:58]} {[%emt 00:02:30]} 8. Bb2 {[%clk
01:31:30]} {[%emt 00:01:05]} Bb4 {[%clk 01:23:51]} {[%emt 00:01:35]} 9. a3
{[%clk 01:30:52]} {[%emt 00:01:10]} Nxd2 {[%clk 01:20:43]} {[%emt 00:03:38]}
10. Nxd2 {[%clk 01:31:04]} {[%emt 00:00:18]} Bxd2 {[%clk 01:18:17]} {[%emt
00:02:56]} 11. Qxd2 {[%clk 01:31:20]} {[%emt 00:00:14]} Nf6 {[%clk 01:17:25]}
{[%emt 00:01:22]} 12. f3 {[%clk 01:30:54]} {[%emt 00:00:57]} Qd7 {[%clk
01:06:13]} {[%emt 00:11:42]} 13. Qe2 {[%clk 01:29:48]} {[%emt 00:01:35]} h6
{[%clk 01:00:48]} {[%emt 00:05:55]} 14. Bb5 {[%clk 01:29:00]} {[%emt 00:01:17]}
Bc6 {[%clk 01:00:35]} {[%emt 00:00:44]} 15. a4 {[%clk 01:28:19]} {[%emt
00:01:12]} Bxb5 {[%clk 01:00:52]} {[%emt 00:00:12]} 16. axb5 {[%clk 01:28:29]}
{[%emt 00:00:20]} O-O {[%clk 01:00:57]} {[%emt 00:00:25]} 17. c4 {[%clk
01:28:19]} {[%emt 00:00:40]} c6 {[%clk 00:56:12]} {[%emt 00:05:15]} 18. bxc6
{[%clk 01:25:58]} {[%emt 00:02:50]} Qxc6 {[%clk 00:55:52]} {[%emt 00:00:50]}
19. Rfc1 {[%clk 01:25:11]} {[%emt 00:01:17]} dxc4 {[%clk 00:51:16]} {[%emt
00:05:06]} 20. bxc4 {[%clk 01:25:19]} {[%emt 00:00:22]} a5 {[%clk 00:48:54]}
{[%emt 00:02:52]} 21. e4 {[%clk 01:22:50]} {[%emt 00:03:00]} Nd7 {[%clk
00:42:27]} {[%emt 00:06:57]} 22. d5 {[%clk 01:22:23]} {[%emt 00:00:57]} exd5
{[%clk 00:39:24]} {[%emt 00:03:33]} 23. cxd5 {[%clk 01:22:28]} {[%emt
00:00:25]} Qb7 {[%clk 00:37:50]} {[%emt 00:01:58]} 24. Qf2 {[%clk 01:21:31]}
{[%emt 00:01:32]} Rac8 {[%clk 00:36:30]} {[%emt 00:01:48]} 25. Qg3 {[%clk
01:20:59]} {[%emt 00:01:04]} f6 {[%clk 00:33:55]} {[%emt 00:03:05]} 26. f4
{[%clk 01:18:18]} {[%emt 00:03:11]} Rxc1+ {[%clk 00:31:22]} {[%emt 00:03:03]}
27. Rxc1 {[%clk 01:18:37]} {[%emt 00:00:11]} Rf7 {[%clk 00:27:09]} {[%emt
00:04:42]} 28. Qg4 {[%clk 01:15:58]} {[%emt 00:03:09]} Nc5 {[%clk 00:25:47]}
{[%emt 00:01:53]} 29. Rc4 {[%clk 01:10:03]} {[%emt 00:06:25]} Qd7 {[%clk
00:23:53]} {[%emt 00:02:22]} 30. f5 {[%clk 01:08:22]} {[%emt 00:02:12]} Re7
{[%clk 00:23:03]} {[%emt 00:01:20]} 31. Bxf6 {[%clk 01:08:19]} {[%emt
00:00:33]} Rxe4 {[%clk 00:19:22]} {[%emt 00:04:11]} 32. Rxe4 {[%clk 01:06:56]}
{[%emt 00:01:53]} Nxe4 {[%clk 00:19:21]} {[%emt 00:00:31]} 33. Bd4 {[%clk
01:06:29]} {[%emt 00:00:54]} Qe7 {[%clk 00:17:48]} {[%emt 00:02:07]} 34. Bxb6
{[%clk 01:04:18]} {[%emt 00:02:40]} Nf6 {[%clk 00:17:29]} {[%emt 00:00:50]} 35.
Qf3 {[%clk 01:01:56]} {[%emt 00:02:49]} Qe1+ {[%clk 00:17:32]} {[%emt
00:00:27]} 36. Qf1 {[%clk 01:02:14]} {[%emt 00:00:14]} Qxf1+ {[%clk 00:17:58]}
{[%emt 00:00:06]} 37. Kxf1 {[%clk 01:02:36]} {[%emt 00:00:07]} Nxd5 {[%clk
00:18:17]} {[%emt 00:00:11]} 38. Bxa5 {[%clk 01:02:49]} {[%emt 00:00:17]} Ne3+
{[%clk 00:18:32]} {[%emt 00:00:14]} 39. Kf2 {[%clk 01:02:51]} {[%emt 00:00:28]}
Nxf5 {[%clk 00:18:55]} {[%emt 00:00:08]} 40. Bc3 {[%clk 01:02:53]} {[%emt
00:00:28]} 1/2-1/2

[Event "DEM U12w 2024"]
[Site "Willingen GER"]
[Date "2024.05.21"]
[Round "4"]
[White "Bharathula, Akhila"]
[Black "Krannich, Eva"]
[Result "0-1"]
[Termination "normal"]
[Board "10"]
[WhiteElo "1420"]
[BlackElo "1176"]
[WhiteClock "00:42:30"]
[BlackClock "00:49:26"]
[PlyCount "88"]
[WhiteFideId "34641777"]
[BlackFideId "34639713"]
[EventCountry "GER"]
[EventRounds "9"]
[EventType "swiss"]
[EventDate "2024.05.18"]

1. e4 {[%clk 01:30:59]} c5 {[%clk 01:30:52]} {[%emt 00:00:08]} 2. Nc3 {[%clk
01:31:21]} {[%emt 00:00:08]} g6 {[%clk 01:31:15]} {[%emt 00:00:07]} 3. g3
{[%clk 01:31:38]} {[%emt 00:00:13]} Bg7 {[%clk 01:31:28]} {[%emt 00:00:17]} 4.
Bg2 {[%clk 01:31:49]} {[%emt 00:00:18]} d6 {[%clk 01:31:36]} {[%emt 00:00:23]}
5. d3 {[%clk 01:31:41]} {[%emt 00:00:38]} Nf6 {[%clk 01:31:41]} {[%emt
00:00:25]} 6. h3 {[%clk 01:31:30]} {[%emt 00:00:41]} Nc6 {[%clk 01:31:40]}
{[%emt 00:00:31]} 7. Be3 {[%clk 01:31:12]} {[%emt 00:00:48]} a6 {[%clk
01:30:16]} {[%emt 00:01:54]} 8. Qd2 {[%clk 01:30:34]} {[%emt 00:01:08]} h5
{[%clk 01:29:46]} {[%emt 00:01:00]} 9. Nge2 {[%clk 01:29:15]} {[%emt 00:01:48]}
Bd7 {[%clk 01:28:58]} {[%emt 00:01:19]} 10. a3 {[%clk 01:26:43]} {[%emt
00:03:02]} b5 {[%clk 01:27:52]} {[%emt 00:01:36]} 11. f4 {[%clk 01:23:20]}
{[%emt 00:03:53]} Rb8 {[%clk 01:21:48]} {[%emt 00:06:34]} 12. Nd1 {[%clk
01:21:33]} {[%emt 00:02:16]} a5 {[%clk 01:19:29]} {[%emt 00:02:50]} 13. Rb1
{[%clk 01:17:19]} {[%emt 00:04:43]} b4 {[%clk 01:16:26]} {[%emt 00:03:34]} 14.
a4 {[%clk 01:15:22]} {[%emt 00:02:27]} b3 {[%clk 01:04:57]} {[%emt 00:11:58]}
15. Ndc3 {[%clk 01:08:32]} {[%emt 00:07:20]} bxc2 {[%clk 01:04:53]} {[%emt
00:00:35]} 16. Qxc2 {[%clk 01:08:34]} {[%emt 00:00:27]} Nb4 {[%clk 01:05:05]}
{[%emt 00:00:18]} 17. Qd2 {[%clk 01:07:17]} {[%emt 00:01:47]} Be6 {[%clk
01:01:13]} {[%emt 00:04:23]} 18. Nb5 {[%clk 01:05:06]} {[%emt 00:02:41]} Bb3
{[%clk 01:00:15]} {[%emt 00:01:28]} 19. Nc1 {[%clk 00:57:17]} {[%emt 00:08:19]}
Bxa4 {[%clk 01:00:06]} {[%emt 00:00:39]} 20. Nc3 {[%clk 00:56:31]} {[%emt
00:01:16]} Bd7 {[%clk 00:59:12]} {[%emt 00:01:23]} 21. e5 {[%clk 00:55:13]}
{[%emt 00:01:48]} dxe5 {[%clk 00:58:11]} {[%emt 00:01:31]} 22. fxe5 {[%clk
00:54:17]} {[%emt 00:01:25]} Nh7 {[%clk 00:58:19]} {[%emt 00:00:23]} 23. Bxc5
{[%clk 00:54:10]} {[%emt 00:00:37]} Bxe5 {[%clk 00:58:21]} {[%emt 00:00:29]}
24. Ba7 {[%clk 00:53:47]} {[%emt 00:00:53]} Bxg3+ {[%clk 00:56:55]} {[%emt
00:01:56]} 25. Kd1 {[%clk 00:53:35]} {[%emt 00:00:43]} Nf6 {[%clk 00:55:25]}
{[%emt 00:02:00]} 26. Bxb8 {[%clk 00:53:06]} {[%emt 00:00:58]} Qxb8 {[%clk
00:55:50]} {[%emt 00:00:05]} 27. N1e2 {[%clk 00:52:59]} {[%emt 00:00:37]} Bf5
{[%clk 00:52:35]} {[%emt 00:03:46]} 28. Qe3 {[%clk 00:51:12]} {[%emt 00:02:15]}
Bd6 {[%clk 00:51:10]} {[%emt 00:01:56]} 29. Be4 {[%clk 00:50:17]} {[%emt
00:01:25]} Bxe4 {[%clk 00:50:27]} {[%emt 00:01:13]} 30. Nxe4 {[%clk 00:50:34]}
{[%emt 00:00:12]} Nxe4 {[%clk 00:50:27]} {[%emt 00:00:31]} 31. Qxe4 {[%clk
00:50:21]} {[%emt 00:00:42]} O-O {[%clk 00:47:03]} {[%emt 00:03:54]} 32. Rg1
{[%clk 00:48:51]} {[%emt 00:01:59]} Rd8 {[%clk 00:47:04]} {[%emt 00:00:30]} 33.
Rc1 {[%clk 00:46:51]} {[%emt 00:02:30]} Nxd3 {[%clk 00:45:56]} {[%emt
00:01:39]} 34. Rc2 {[%clk 00:41:51]} {[%emt 00:05:30]} Nf2+ {[%clk 00:46:20]}
{[%emt 00:00:06]} 35. Ke1 {[%clk 00:41:53]} {[%emt 00:00:28]} Nxe4 {[%clk
00:46:42]} {[%emt 00:00:08]} 36. Rc4 {[%clk 00:41:32]} {[%emt 00:00:51]} Bb4+
{[%clk 00:46:50]} {[%emt 00:00:21]} 37. Rxb4 {[%clk 00:40:39]} {[%emt
00:01:22]} Qxb4+ {[%clk 00:47:14]} {[%emt 00:00:08]} 38. Kf1 {[%clk 00:40:58]}
{[%emt 00:00:11]} Rd1+ {[%clk 00:47:37]} {[%emt 00:00:06]} 39. Kg2 {[%clk
00:41:22]} {[%emt 00:00:06]} Rxg1+ {[%clk 00:48:02]} {[%emt 00:00:06]} 40. Kxg1
{[%clk 00:41:38]} {[%emt 00:00:13]} Qe1+ {[%clk 00:48:29]} {[%emt 00:00:04]}
41. Kh2 {[%clk 00:41:47]} {[%emt 00:00:20]} Qxe2+ {[%clk 00:48:54]} {[%emt
00:00:06]} 42. Kg1 {[%clk 00:41:55]} {[%emt 00:00:22]} Nd2 {[%clk 00:49:06]}
{[%emt 00:00:18]} 43. Kh1 {[%clk 00:42:10]} {[%emt 00:00:15]} Nf3 {[%clk
00:49:30]} {[%emt 00:00:07]} 44. b4 {[%clk 00:42:30]} {[%emt 00:00:09]} Qh2#
{[%clk 00:49:26]} {[%emt 00:00:04]} 0-1